| 000 | 00480nam a22001457a 4500 | ||
|---|---|---|---|
| 082 | _a005 | ||
| 100 | _aBashir, Rabia | ||
| 245 |
_aIWSS: Intelligent Web Service Selection for Service-Oriented Application / _cRabia Bashir |
||
| 260 |
_aIslamabad : _bCEME - NUST, _c2012. |
||
| 300 |
_a84 p. ; _c30cm. |
||
| 650 |
_aComputer Software Engineering-MS-Thesis _916105 |
||
| 700 |
_aDr. Aasia Khanum _917318 |
||
| 942 |
_2ddc _cTHE |
||
| 999 |
_c537895 _d537895 |
||